| 000 | 04119cgm a2200793Ia 4500 | ||
|---|---|---|---|
| 001 | ocn830468507 | ||
| 003 | OCoLC | ||
| 005 | 20200320191720.0 | ||
| 007 | vd cvaizq | ||
| 008 | 130319s2013 cau113 vleng d | ||
| 020 | _c15.95 | ||
| 024 | 1 | _a883929241576 | |
| 024 | 1 | _a883929279463 | |
| 028 | 4 | 2 |
_a3000049217 _bWarner Bros. |
| 035 | _a(OCoLC)830468507 | ||
| 040 |
_aTEFMT _cTEFMT _dTEF _dTEFMT _dBDX _dOCLCO _dMR0 _dLF3 _dWIQ _dTEF _dIUL _dIBI _dOCLCA _dWACOL |
||
| 041 | 1 |
_aeng _afre _aspa _jspa _jfre _jeng _heng |
|
| 043 | _an-us-ca | ||
| 049 | _aWACL | ||
| 050 | 4 |
_aPN1997.2 _b.G36 2013 |
|
| 082 | 0 | 4 |
_a791.43/72 _223 |
| 092 |
_aDVD _bGan |
||
| 245 | 0 | 0 |
_aGangster squad _h[videorecording] / _cWarner Bros. Pictures presents, in association with Village Roadshow Pictures, a Lin Pictures/Kevin McCormick production ; written by Will Beall ; produced by Dan Lin, Kevin McCormick, Michael Tadross ; directed by Reuben Fleischer. |
| 260 |
_aBurbank, CA : _bWarner Home Video, _c[2013] |
||
| 300 |
_a1 videodisc (113 min.) : _bsd., col. ; _c4 3/4 in. |
||
| 538 | _aDVD; region 1, enhanced for widescreen TVs, Dolby Digital 5.1 surround, dual layer. | ||
| 546 | _aEnglish, dubbed French or dubbed Spanish, with optional subtitles in English, Spanish or French; English subtitles for the deaf and hard of hearing (bonus materials may not be subtitled). | ||
| 511 | 1 | _aNick Nolte, Sean Penn, Giovanni Ribisi, Robert Patrick, Josh Brolin, Ryan Gosling, Michael Pena, Emma Stone, Anthony Mackie, Mireille Enos. | |
| 508 | _aMusic, Steve Jablonsky ; editors, Alan Baumgarten, James Herbert ; director of photography, Dion Beebe. | ||
| 500 | _aBased on the book by Paul Lieberman. | ||
| 500 | _aDVD release of the 2013 motion picture. | ||
| 521 | 8 |
_aMPAA rating: R; for strong violence and language. _aCHV rating: 14A. |
|
| 520 | _aLos Angeles, 1949. Ruthless mob king Mickey Cohen runs the show in this town, reaping the ill-gotten gains from the drugs, guns, and if he has his way, every wire bet placed west of Chicago. And he does it all with the protection of not only his own paid goons, but also the police and the politicians who are under his control. It's enough to intimidate even the bravest, street-hardened cop, except for the small, secret crew of LAPD outsiders who come together to try and tear Cohen's world apart. | ||
| 500 | _aSpecial feature: Tough guys with style. | ||
| 600 | 1 | 0 |
_aLieberman, Paul, _d1949- _vFilm adaptations. _95883660 |
| 650 | 0 |
_aGangsters _zCalifornia _zLos Angeles _vDrama. _95883661 |
|
| 650 | 0 |
_aPolice _zCalifornia _zLos Angeles _vDrama. _95734821 |
|
| 650 | 7 |
_aPandillas _zCalifornia _zLos Angeles _vTeatro. _2bidex _95883662 |
|
| 650 | 7 |
_aPolicía _zCalifornia _zLos Angeles _vTeatro. _2bidex _95741445 |
|
| 655 | 7 |
_aFeature films. _2lcgft _95883663 |
|
| 655 | 7 |
_aCrime films. _2lcgft _95697955 |
|
| 655 | 7 |
_aVideo recordings for the hearing impaired. _2lcgft _95883664 |
|
| 655 | 7 |
_aFeature films. _2gsafd _95883663 |
|
| 700 | 1 |
_aFleischer, Ruben. _95811908 |
|
| 700 | 1 |
_aLin, Dan _c(Film producer) _95883665 |
|
| 700 | 1 |
_aMcCormick, Kevin. _95795070 |
|
| 700 | 1 |
_aTadross, Michael. _95727243 |
|
| 700 | 1 |
_aBeall, Will. _955715 |
|
| 700 | 1 |
_aNolte, Nick. _961201 |
|
| 700 | 1 |
_aPenn, Sean, _d1960- _930615 |
|
| 700 | 1 |
_aRibisi, Giovanni, _d1974- _968125 |
|
| 700 | 1 |
_aPatrick, Robert, _d1958- _963807 |
|
| 700 | 1 |
_aBrolin, Josh. _923915 |
|
| 700 | 1 |
_aGosling, Ryan, _d1980- _969446 |
|
| 700 | 1 |
_aPeña, Michael, _d1976- _955929 |
|
| 700 | 1 |
_aStone, Emma, _d1988- _95811910 |
|
| 700 | 1 |
_aMackie, Anthony, _d1979- _971993 |
|
| 700 | 1 |
_aEnos, Mireille, _d1975- _95800538 |
|
| 700 | 1 |
_aJablonsky, Steve. _972525 |
|
| 700 | 1 |
_aLieberman, Paul, _d1949- _tGangster squad. _95883666 |
|
| 710 | 2 |
_aWarner Bros. Pictures (1969- ) _968691 |
|
| 710 | 2 |
_aVillage Roadshow Pictures. _964462 |
|
| 710 | 2 |
_aWarner Home Video (Firm) _961103 |
|
| 938 |
_aBrodart _bBROD _n104129263 |
||
| 942 |
_cDVD _030 |
||
| 948 |
_a11/13/2013 _zSirsi |
||
| 994 |
_a02 _bWACOL |
||
| 996 |
_a104738 _b34301001258583 _cDVD _dDVD _ewcl _fi _g30 _h15.95 _lamazon _mGan _p11/13/2013 _q11/05/2019 _r10/31/2019 |
||
| 999 |
_c282143 _d282143 |
||